000 00708nam a2200217 a 4500
001 21545
003 CO-ViMGA
008 141112s2004 ck r 000 u spa d
020 _a9802572659
040 _aCO-ViMGA
_bspa
_cCO-ViMGA
082 0 4 _aRATb
100 1 _aRathman, Peggy
_930771
245 1 0 _aBuenas noches, Gorila
260 _aCaracas :
_bEdiciones Ekare,
_c2004
300 _a34
500 _aPara niños de 4 años.
590 _aForma de adquisición : Donación fact. 8848 - - Precio : 30000 - - Proveedor : Fundación exito - - Fecha de adquisición : Junio 2007
650 1 4 _aCUENTOS INFANTILES ESTADOUNIDENSES
_9823
650 1 4 _aGORILAS - CUENTOS INFANTILES
_930772
942 _2ddc
_cBK
999 _c30131
_d30131